000 00237nam a22001217a 4500
003 SGT
082 _a823
_bBYR
100 _aBYRNE RHONDA
245 _aTHE SECRET
260 _aUK
_bSIMON PUB
_c2016
300 _a202
942 _2ddc
_cBK
999 _c33721
_d33721